000 00488nam a22001457a 4500
005 20250814123146.0
008 250814b |||||||| |||| 00| 0 eng d
050 _aRES HF 5549 .M68 2014
_bC. 1
100 _aMOTANYA, LILIAN MONG'INA
245 _aAN ASSESMENT OF THE EFFECTS OF CAREER TRAINING AND COUNSELLING ON EMPLOYEE PERFORMANCE
_bA CASE OF KISII UNIVERSITY, KISII COUNTY
260 _aKISII
_bKSU
_c2014
300 _aX, 37P.
500 _aINCLUDES REFERENCES
942 _2lcc
_cREF
999 _c216038
_d216038